000 00637nam a2200217 i 4500
001 103591
003 ES-MaACL
005 20230906183414.0
007 t|
008 060419s1978 sp ||||1| spa d
020 _a84-85372-01-8
080 _a32(460)"1975/..."
100 1 _aBardavio, Joaquín.
_9199156
245 1 3 _aEl dilema
_b: un pequeño caudillo o un gran rey /
_cJoaquín Bardavío.
250 _a1ª ed.
260 _aMadrid :
_bStrips,
_c1978.
300 _a239 p. :
_bil. ;
_c21 cm.
651 4 _aEspaña-
_xPolítica y gobierno-
_y1975-1982.
_98447
852 _aES-MaACL
_jC-56901
_bR.131023
999 _c103591
_d103591